000 00669nam a22002057a 4500
003 UA-OsUOA
001 12096
007 ta
008 20050429b un ||||| |||| 00| 0 ukr d
100 _aГинзбург Наталия
942 _cSA
040 _aUA-OsUOA
_brus
_cUA-OsUOA
_dUA-OsUOA
245 _aДорога в город: Повесть. перевод с итальянского А. Маркиной. Послесловие Татьяны Бек
300 _aС.145-183
955 _a0
041 _arus
044 _aRU
773 0 _w0
_tИностранная литература
_dМ.
_d2005
_g№2
650 7 _aХудожня література
_2UDC
999 _c298257
_d298257